00468nam a2200193 a 4500001001300000003000900013005001700022008004100039020000800080082001500088100001700103245002800120260003600148300000900184500003500193505001000228650001900238700001700257nice12345678IN_TiNIC20260116011553.0050524s1936 lona grp 000 0 eng  ac000a956.1bLUK aLuke, Harvey aMaking of Modern Turkey aLondonbMacmillan and Co.c1936 a246p aincludes index and biblioraphy2 aIndex aTurkey-History1 aLuke, Harvey